header

Iran and the rise of its neoconservatives (Record no. 1043)

MARC details
000 -LEADER
fixed length control field 01309nam a2200325 a 4500
082 04 - DEWEY DECIMAL CLASSIFICATION NUMBER
Classification number 955.054
100 1# - MAIN ENTRY--AUTHOR NAME
Personal name Ehteshami, Anoushiravan.
245 10 - TITLE STATEMENT
Title Iran and the rise of its neoconservatives
260 ## - PUBLICATION, DISTRIBUTION, ETC. (IMPRINT)
Place of publication London ;
-- New York :
Name of publisher I.B. Tauris,
Year of publication 2007.
300 ## - PHYSICAL DESCRIPTION
Number of Pages xix, 215 p.
650 #0 - SUBJECT ADDED ENTRY--TOPICAL TERM
Topical Term Conservatives
700 1# - ADDED ENTRY--PERSONAL NAME
Personal name Zweiri, Mahjoob.
856 40 - ELECTRONIC LOCATION AND ACCESS
Uniform Resource Identifier http://site.ebrary.com/lib/rucke/Doc?id=10713138

No items available.

© 2026 Rongo University
Contact us: librarian | system librarian | Rongo university